Неорганическая биохимия: [в 2 т.]

מידע ביבליוגרפי
מחברים אחרים: Эйхгорн Г. (редактор), Вольпин М. Е. (переводчик), Яцимирский К. Б.
שפה:רוסית
יצא לאור: Москва, Мир, 1978-
פורמט: MixedMaterials ספר
KOHA link:https://koha.lib.tpu.ru/cgi-bin/koha/opac-detail.pl?biblionumber=83367

MARC

LEADER 00000nam1a2200000 4500
001 83367
005 20231031100147.0
035 |a (RuTPU)RU\TPU\book\89604 
090 |a 83367 
100 |a 20051014d1978 km y0rusy50 ca 
101 1 |a rus  |c eng 
102 |a RU 
200 1 |a Неорганическая биохимия  |e [в 2 т.]  |f под ред. Г. Эйхгорн; пер. М. Е. Вольпина; пер. К. Б. Яцимирского 
210 |d 1978-  |a Москва  |c Мир 
702 1 |a Эйхгорн  |b Г.  |4 340 
702 1 |a Вольпин  |b М. Е.  |4 730 
702 1 |a Яцимирский  |b К. Б.  |4 730 
801 1 |a RU  |b 63413507  |c 20051014  |g PSBO 
801 2 |a RU  |b 63413507  |c 20051014  |g PSBO 
942 |c BK